Normale Ansicht MARC-Ansicht ISBD

Europäische Küche für deutsch-polnische Beziehungen. (Titelsatznr. 371567)

[ MARC ]
MARC-Details
000 -Satzkennung
Kontrollfeld mit fester Länge 00777nam a22001937a 4500
008 - Feld mit fester Länge zur physischen Beschreibung - Allgemeine Angaben
Kontrollfeld mit fester Länge 201127b ||||| |||| 00| 0 eng d
040 ## - Katalogisierungsquelle
Original-Katalogisierungsstelle DE-2950
Katalogisierungssprache ger
Übertragungsstelle DE-2950
Beschreibungsfestlegungen rda
041 ## - Sprachcode
Sprachcode des Textes/der Tonspur oder des separaten Titels ger
245 ## - Titel
Haupttitel Europäische Küche für deutsch-polnische Beziehungen.
Titelzusatz Gastronomie: Ein Mutter-Söhne-Gespann hat das "Rosenrestaurant" eröffnet. Die Doppelstadt bestimmt das Leben der Familie seit Jahrzehnten/
Verantwortlichkeitsangabe Jacqueline Westermann
264 ## - Veröffentlichungsangabe, Vertriebsangabe, Herstellungsangabe
Erscheinungs-, Vertriebs-, Herstellungsdatum 2022
653 ## - Lokales Schlagwort
Nicht-normierter Term Frankfurt (Oder)
653 ## - Lokales Schlagwort
Nicht-normierter Term Gastronomie
653 ## - Lokales Schlagwort
Nicht-normierter Term Rosenrestaurant
773 ## - Übergeordnete Einheit
Ort, Verlag und Erscheinungsjahr Frankfurt (Oder) Märkisches Verlags- und Druckhaus GmbH & Co KG
Titel Märkische Oderzeitung
Verknüpfungsangaben 33. Jahrgang (2022) Nr. 83 vom 08.04.2022, S. 15
942 ## - Zusätzliche Felder (Koha)
Koha-Medientyp Aufsätze
Exemplare
Ausgeschieden Verloren Beschädigt Nicht entleihbar Permanenter Standort Aktueller Standort Aufstellungsort Eingabedatum Anzahl Ausleihen Signatur Letzte Aktivität Preis gültig von Medientyp
        Stadtarchiv Frankfurt (Oder) | Archivbibliothek Stadtarchiv Frankfurt (Oder) | Archivbibliothek Magazin 11/04/2022   Z2 11/04/2022 11/04/2022 Aufsätze